000 00948cam a2200301 4500500
005 20260329011957.0
041 _afre
042 _adc
100 1 0 _aMontalti, Jean-Pierre
_eauthor
245 0 0 _aLe couple : une folie à deux
260 _c2012.
500 _a30
520 _aLe couple, c’est deux partenaires qui ont fait le choix d’être reliés par une chaîne. La fonction du couple est double : l’organisation des défenses et la constitution d’une structure refuge.
690 _acouple
690 _adéfense
690 _afolie
690 _afusionnel
690 _arefuge
690 _aspéculaire
690 _adefence
690 _aintense
690 _amadness
690 _apair
690 _arefuge
690 _aspecular
786 0 _nPsy Cause | 60 | 1 | 2012-01-12 | p. 14-18 | 1245-2394
856 4 1 _uhttps://shs.cairn.info/revue-psy-cause-2012-1-page-14?lang=fr&redirect-ssocas=7080
999 _c1866715
_d1866715